Statistics for Countries With The Lowest Incarceration Rate

Click here to take the quiz!

General Stats

  • This quiz has been taken 23 times
  • The average score is 22 of 50

Answer Stats

RateCountry% Correct
72Denmark
90%
49Finland
90%
27Iceland
90%
54Norway
90%
73Switzerland
76%
0Vatican City
76%
37Japan
71%
59Netherlands
71%
0San Marino
71%
70Germany
67%
29Liechtenstein
67%
63Slovenia
62%
33Monaco
57%
52Qatar
57%
39Niger
52%
31Nigeria
48%
45Oman
48%
50Togo
48%
29DR Congo
43%
42Ghana
43%
34Mali
43%
37Burkina Faso
38%
59Chad
38%
23Congo
38%
18Gambia
38%
30Guinea
38%
31Guinea-Bissau
38%
47Mauritania
38%
68Senegal
38%
47Sierra Leone
38%
52Sudan
38%
16Central African Republic
33%
37Comoros
33%
35India
33%
71Malawi
33%
57Mozambique
33%
58Papua New Guinea
33%
50South Sudan
33%
35Yemen
33%
71Djibouti
29%
61Equatorial Guinea
29%
51Liberia
29%
67Marshall Islands
29%
52Tanzania
29%
73Armenia
24%
37Pakistan
19%
48Bangladesh
14%
60Syria
14%
68Uzbekistan
14%
53East Timor
5%

Score Distribution

Percentile by Number Answered

Percent of People with Each Score

Your Score History

You have not taken this quiz